[Event "MSR_ch20"]
[Site "?"]
[Date "2024.04.05"]
[Round "1.1"]
[White "Bochnicka, Vladimir"]
[Black "Libich, Simon"]
[Result "1-0"]
[BlackElo "1891"]
[WhiteElo "2421"]
[LiveChessVersion "1.4.8"]

1. e4 {[%clk 1:30:09]} Nf6 {[%clk 1:30:49]} 2. e5 {[%clk 1:30:13]} Nd5
{[%clk 1:31:15]} 3. d4 {[%clk 1:30:30]} d6 {[%clk 1:31:42]} 4. c4
{[%clk 1:30:37]} Nb6 {[%clk 1:32:08]} 5. f4 {[%clk 1:30:27]} dxe5
{[%clk 1:31:45]} 6. fxe5 {[%clk 1:30:35]} Bf5 {[%clk 1:31:29]} 7. Nc3
{[%clk 1:30:48]} Nc6 {[%clk 1:31:51]} 8. Be3 {[%clk 1:31:05]} e6 {[%clk 1:31:50]}
9. Nf3 {[%clk 1:30:04]} Be7 {[%clk 1:32:14]} 10. Be2 {[%clk 1:29:51]} O-O
{[%clk 1:32:37]} 11. O-O {[%clk 1:28:39]} f6 {[%clk 1:31:31]} 12. exf6
{[%clk 1:24:16]} Bxf6 {[%clk 1:29:33]} 13. Qd2 {[%clk 1:23:30]} Qe7
{[%clk 1:29:49]} 14. Rad1 {[%clk 1:22:10]} Rad8 {[%clk 1:29:43]} 15. Kh1
{[%clk 1:21:01]} h6 {[%clk 1:24:04]} 16. h3 {[%clk 1:18:45]} Kh8 {[%clk 1:21:18]}
17. Qc1 {[%clk 1:18:55]} Bh7 {[%clk 1:15:15]} 18. Bg1 {[%clk 1:16:55]} Rd7
{[%clk 1:13:29]} 19. Rfe1 {[%clk 1:07:42]} Rfd8 {[%clk 1:09:06]} 20. c5
{[%clk 1:02:12]} Nd5 {[%clk 0:46:09]} 21. Bb5 {[%clk 0:57:28]} Nxc3
{[%clk 0:35:10]} 22. bxc3 {[%clk 0:46:21]} Bg8 {[%clk 0:24:24]} 23. Bh2
{[%clk 0:42:30]} Qf7 {[%clk 0:17:31]} 24. Bxc6 {[%clk 0:25:15]} bxc6
{[%clk 0:17:56]} 25. Ne5 {[%clk 0:18:35]} Bxe5 {[%clk 0:18:09]} 26. Bxe5
{[%clk 0:19:01]} Qh5 {[%clk 0:15:11]} 27. Rd3 {[%clk 0:18:13]} Rf8
{[%clk 0:13:29]} 28. Rg3 {[%clk 0:17:49]} Kh7 {[%clk 0:12:49]} 29. Kh2
{[%clk 0:14:34]} g5 {[%clk 0:09:00]} 30. Qa3 {[%clk 0:13:12]} Rdf7
{[%clk 0:06:19]} 31. Qa6 {[%clk 0:11:33]} Rf2 {[%clk 0:05:35]} 32. Qxc6
{[%clk 0:09:32]} Rxa2 {[%clk 0:05:05]} 33. Qxc7+ {[%clk 0:09:37]} Qf7
{[%clk 0:03:42]} 34. Qxf7+ {[%clk 0:08:10]} Bxf7 {[%clk 0:01:44]} 35. Rf1
{[%clk 0:08:09]} Kg8 {[%clk 0:01:34]} 36. Rgf3 {[%clk 0:08:31]} Ra6
{[%clk 0:00:36]} 37. Bd6 {[%clk 0:08:46]} 1-0

[Event "MSR_ch20"]
[Site "?"]
[Date "2024.04.05"]
[Round "1.2"]
[White "Janik, Marek Tobias"]
[Black "Turcan, Richard"]
[Result "0-1"]
[BlackElo "2365"]
[WhiteElo "1885"]
[LiveChessVersion "1.4.8"]

1. e4 {[%clk 1:30:55]} c5 {[%clk 1:30:14]} 2. Nf3 {[%clk 1:31:19]} d6
{[%clk 1:27:59]} 3. c4 {[%clk 1:29:43]} e5 {[%clk 1:26:10]} 4. Nc3
{[%clk 1:29:49]} Nc6 {[%clk 1:26:25]} 5. d3 {[%clk 1:29:39]} g6 {[%clk 1:24:55]}
6. Be2 {[%clk 1:26:56]} Bg7 {[%clk 1:24:49]} 7. O-O {[%clk 1:26:39]} Nge7
{[%clk 1:23:42]} 8. Ne1 {[%clk 1:24:13]} O-O {[%clk 1:20:59]} 9. f4
{[%clk 1:22:42]} f5 {[%clk 1:20:17]} 10. Nc2 {[%clk 1:14:14]} Be6
{[%clk 1:08:19]} 11. Rb1 {[%clk 1:10:05]} a6 {[%clk 0:48:38]} 12. a4
{[%clk 0:59:25]} a5 {[%clk 0:46:28]} 13. Nd5 {[%clk 0:58:01]} fxe4
{[%clk 0:37:47]} 14. dxe4 {[%clk 0:57:41]} exf4 {[%clk 0:36:18]} 15. Bxf4
{[%clk 0:56:09]} Ne5 {[%clk 0:32:31]} 16. Qd2 {[%clk 0:45:16]} Nxd5
{[%clk 0:31:40]} 17. cxd5 {[%clk 0:44:21]} Bd7 {[%clk 0:30:19]} 18. b3
{[%clk 0:25:40]} Qe7 {[%clk 0:25:14]} 19. Bg5 {[%clk 0:16:31]} Bf6
{[%clk 0:24:34]} 20. Bxf6 {[%clk 0:16:24]} Rxf6 {[%clk 0:24:56]} 21. Rxf6
{[%clk 0:16:49]} Qxf6 {[%clk 0:25:18]} 22. Rf1 {[%clk 0:17:11]} Qh4
{[%clk 0:23:03]} 23. Qf4 {[%clk 0:15:08]} Qxf4 {[%clk 0:22:45]} 24. Rxf4
{[%clk 0:15:31]} Re8 {[%clk 0:13:10]} 25. Ne3 {[%clk 0:10:06]} Kg7
{[%clk 0:12:54]} 26. h4 {[%clk 0:08:33]} Rb8 {[%clk 0:12:40]} 27. Nd1
{[%clk 0:00:59]} b5 {[%clk 0:12:44]} 28. Nc3 {[%clk 0:01:24]} bxa4
{[%clk 0:12:13]} 29. bxa4 {[%clk 0:01:49]} Rb3 {[%clk 0:11:54]} 30. Nb5
{[%clk 0:02:05]} Bxb5 {[%clk 0:12:13]} 31. Bxb5 {[%clk 0:02:24]} c4
{[%clk 0:11:17]} 32. Rf2 {[%clk 0:02:16]} Re3 33. Kf1 {[%clk 0:01:35]} Rxe4
{[%clk 0:10:58]} 34. g3 {[%clk 0:01:53]} Ng4 {[%clk 0:10:09]} 35. Rf4
{[%clk 0:01:46]} Rxf4+ {[%clk 0:10:06]} 36. gxf4 {[%clk 0:02:10]} Ne3+
{[%clk 0:10:14]} 37. Kf2 {[%clk 0:02:17]} Nxd5 {[%clk 0:10:30]} 38. Bxc4
{[%clk 0:02:40]} Nb6 {[%clk 0:08:26]} 39. Bb3 {[%clk 0:02:54]} Kf6
{[%clk 0:08:48]} 40. Kf3 {[%clk 0:03:06]} Nd7 {[%clk 0:05:02]} 41. Ke3
{[%clk 0:01:19]} Kf5 {[%clk 0:04:48]} 42. Kf3 {[%clk 0:26:40]} Nc5
{[%clk 0:34:29]} 43. Bc2+ {[%clk 0:27:05]} Ke6 {[%clk 0:34:36]} 44. Ke3
{[%clk 0:27:28]} Kd5 {[%clk 0:33:48]} 45. f5 {[%clk 0:25:09]} gxf5
{[%clk 0:32:40]} 46. Bxf5 {[%clk 0:25:04]} h6 {[%clk 0:32:27]} 47. Bc2
{[%clk 0:25:31]} Ke5 {[%clk 0:30:07]} 48. Bd1 d5 {[%clk 0:30:25]} 49. Kf3
{[%clk 0:24:23]} Nd3 {[%clk 0:29:09]} 50. Ke3 {[%clk 0:23:30]} Nf4
{[%clk 0:29:13]} 51. Bf3 {[%clk 0:23:34]} d4+ {[%clk 0:29:40]} 52. Kd2
{[%clk 0:23:57]} Ng6 {[%clk 0:28:38]} 53. h5 {[%clk 0:23:33]} Nf4
{[%clk 0:28:41]} 0-1

[Event "MSR_ch20"]
[Site "?"]
[Date "2024.04.05"]
[Round "1.4"]
[White "Jurky, Marian"]
[Black "Petrek, Dominik"]
[Result "0-1"]
[BlackElo "2249"]
[WhiteElo "1874"]
[LiveChessVersion "1.4.8"]

1. e4 {[%clk 1:30:57]} e6 {[%clk 1:27:49]} 2. d4 {[%clk 1:31:03]} d5
{[%clk 1:28:15]} 3. Nc3 {[%clk 1:28:00]} Nf6 {[%clk 1:27:26]} 4. e5
{[%clk 1:28:25]} Nfd7 {[%clk 1:27:51]} 5. Nce2 {[%clk 1:28:41]} c5
{[%clk 1:27:59]} 6. c3 {[%clk 1:28:23]} Nc6 {[%clk 1:27:59]} 7. f4
{[%clk 1:24:06]} Qb6 {[%clk 1:24:39]} 8. Nf3 {[%clk 1:22:47]} f6 {[%clk 1:24:25]}
9. g3 {[%clk 1:09:43]} cxd4 {[%clk 1:20:30]} 10. cxd4 {[%clk 1:08:20]} Bb4+
{[%clk 1:15:20]} 11. Bd2 {[%clk 1:07:50]} fxe5 {[%clk 1:14:44]} 12. fxe5
{[%clk 0:55:46]} O-O {[%clk 1:14:16]} 13. Bg2 {[%clk 0:55:28]} Ndxe5
{[%clk 0:58:02]} 14. dxe5 {[%clk 0:15:35]} Nxe5 {[%clk 0:52:56]} 15. Nf4
{[%clk 0:04:06]} Qe3+ {[%clk 0:25:54]} 16. Qe2 {[%clk 0:00:33]} Nxf3+
{[%clk 0:25:51]} 17. Bxf3 {[%clk 0:00:55]} Bxd2+ {[%clk 0:26:16]} 18. Kd1
{[%clk 0:00:53]} Bd7 {[%clk 0:21:53]} 19. Qxd2 {[%clk 0:00:31]} Qxf3+
{[%clk 0:22:14]} 20. Kc2 {[%clk 0:00:31]} Rac8+ {[%clk 0:22:34]} 0-1

[Event "MSR_ch20"]
[Site "?"]
[Date "2024.04.05"]
[Round "1.5"]
[White "Rak, Martin"]
[Black "Babjak, Samuel"]
[Result "1-0"]
[BlackElo "1870"]
[WhiteElo "2221"]
[LiveChessVersion "1.4.8"]

1. d4 {[%clk 1:30:48]} Nf6 {[%clk 1:30:45]} 2. c4 {[%clk 1:31:04]} c6
{[%clk 1:30:55]} 3. g3 {[%clk 1:30:08]} d5 {[%clk 1:30:53]} 4. Bg2
{[%clk 1:30:07]} Bf5 {[%clk 1:23:57]} 5. Nd2 {[%clk 1:15:07]} e6 {[%clk 1:22:16]}
6. Ngf3 {[%clk 1:14:57]} Nbd7 {[%clk 1:19:26]} 7. O-O {[%clk 1:14:44]} Be7
{[%clk 1:14:28]} 8. b3 {[%clk 1:10:06]} h6 {[%clk 1:12:28]} 9. Bb2
{[%clk 1:09:17]} O-O {[%clk 1:10:03]} 10. Ne1 {[%clk 1:00:09]} Qa5
{[%clk 1:02:24]} 11. a3 {[%clk 0:57:22]} Ne4 {[%clk 0:59:47]} 12. Nxe4
{[%clk 0:54:40]} dxe4 {[%clk 0:59:43]} 13. Nc2 {[%clk 0:50:31]} Nf6
{[%clk 0:57:00]} 14. Ne3 {[%clk 0:48:17]} Bg6 {[%clk 0:50:16]} 15. Qc2
{[%clk 0:43:43]} Rfd8 {[%clk 0:43:09]} 16. Rfd1 {[%clk 0:42:54]} Rd7
{[%clk 0:41:09]} 17. b4 {[%clk 0:34:50]} Qd8 {[%clk 0:37:09]} 18. Qb3
{[%clk 0:29:27]} a5 {[%clk 0:25:44]} 19. c5 {[%clk 0:23:49]} h5 {[%clk 0:21:18]}
20. Nc4 {[%clk 0:20:43]} axb4 {[%clk 0:19:35]} 21. Nb6 {[%clk 0:19:45]} Rb8
{[%clk 0:19:32]} 22. Nxd7 {[%clk 0:17:33]} Qxd7 {[%clk 0:19:56]} 23. axb4
{[%clk 0:17:49]} Nd5 {[%clk 0:19:21]} 24. Ra7 {[%clk 0:17:44]} h4
{[%clk 0:17:50]} 25. Rda1 {[%clk 0:16:06]} Qc7 {[%clk 0:17:22]} 26. e3
{[%clk 0:14:03]} hxg3 {[%clk 0:16:50]} 27. hxg3 {[%clk 0:14:15]} Bg5
{[%clk 0:16:42]} 28. Bc1 {[%clk 0:14:00]} e5 {[%clk 0:15:56]} 29. dxe5
{[%clk 0:12:06]} Qxe5 {[%clk 0:16:00]} 30. Bb2 {[%clk 0:12:15]} Qc7
{[%clk 0:14:30]} 31. Bd4 {[%clk 0:12:18]} Bf6 {[%clk 0:11:28]} 32. Bxf6
{[%clk 0:11:28]} Nxf6 {[%clk 0:11:43]} 33. Ra8 {[%clk 0:11:33]} Bh5
{[%clk 0:11:21]} 34. Qc4 {[%clk 0:10:25]} Bg6 {[%clk 0:10:17]} 35. Rxb8+
{[%clk 0:08:43]} Qxb8 {[%clk 0:10:41]} 36. b5 {[%clk 0:09:01]} Kh7
{[%clk 0:09:16]} 37. b6 {[%clk 0:08:49]} Qe5 {[%clk 0:08:34]} 38. Qd4
{[%clk 0:09:04]} Qh5 {[%clk 0:07:57]} 39. Kf1 {[%clk 0:04:14]} Bf5
{[%clk 0:01:59]} 40. Qe5 {[%clk 0:03:01]} Ng4 {[%clk 0:01:20]} 41. Qf4
{[%clk 0:02:47]} Be6 {[%clk 0:26:50]} 42. Rc1 {[%clk 0:18:16]} f5
{[%clk 0:22:29]} 43. f3 {[%clk 0:12:46]} exf3 {[%clk 0:17:38]} 44. Bxf3
{[%clk 0:12:56]} Bd5 {[%clk 0:13:25]} 45. Bxd5 {[%clk 0:10:56]} cxd5
{[%clk 0:13:45]} 46. Ke1 {[%clk 0:10:51]} Nf6 {[%clk 0:10:57]} 47. Qh4
{[%clk 0:10:04]} 1-0

[Event "MSR_ch20"]
[Site "?"]
[Date "2024.04.05"]
[Round "1.6"]
[White "Turis, Ondrej"]
[Black "Compel, Daniel"]
[Result "0-1"]
[BlackElo "2220"]
[WhiteElo "1866"]
[LiveChessVersion "1.4.8"]

1. e4 {[%clk 1:30:51]} c5 {[%clk 1:30:51]} 2. Nc3 {[%clk 1:31:17]} Nc6
{[%clk 1:31:15]} 3. Nge2 {[%clk 1:31:38]} g6 {[%clk 1:31:38]} 4. d4
{[%clk 1:32:03]} cxd4 {[%clk 1:32:04]} 5. Nxd4 {[%clk 1:32:27]} Bg7
{[%clk 1:32:31]} 6. Be3 {[%clk 1:32:52]} Nf6 {[%clk 1:32:56]} 7. Be2
{[%clk 1:33:10]} O-O {[%clk 1:33:09]} 8. Nb3 {[%clk 1:33:38]} d6 {[%clk 1:29:19]}
9. f3 {[%clk 1:33:55]} Be6 {[%clk 1:25:21]} 10. g4 {[%clk 1:21:58]} d5
{[%clk 1:05:10]} 11. g5 {[%clk 1:10:16]} Ng4 12. fxg4 {[%clk 1:01:04]} d4
{[%clk 0:59:45]} 13. Nxd4 {[%clk 1:01:29]} Nxd4 {[%clk 0:52:32]} 14. Bxd4
{[%clk 0:59:57]} Bxd4 {[%clk 0:51:17]} 15. Qd2 {[%clk 0:56:20]} Bf2+
{[%clk 0:49:42]} 16. Kd1 {[%clk 0:56:43]} Qb6 {[%clk 0:44:39]} 17. Na4
{[%clk 0:53:58]} Qc6 {[%clk 0:44:28]} 18. Bd3 {[%clk 0:51:35]} Bxg4+
{[%clk 0:44:25]} 19. Kc1 {[%clk 0:52:02]} Bd4 {[%clk 0:43:25]} 20. Nc3
{[%clk 0:51:55]} Be6 {[%clk 0:42:57]} 21. a4 {[%clk 0:50:41]} Qc5
{[%clk 0:38:39]} 22. Re1 {[%clk 0:46:27]} Rac8 {[%clk 0:37:49]} 23. Ra3
{[%clk 0:41:43]} Qb4 {[%clk 0:38:00]} 24. Rf1 {[%clk 0:35:26]} Rc5
{[%clk 0:37:24]} 25. Rf3 {[%clk 0:34:25]} Rfc8 {[%clk 0:36:23]} 26. Bf1
{[%clk 0:34:26]} Bxc3 {[%clk 0:34:24]} 27. Rfxc3 {[%clk 0:34:22]} Qxe4
{[%clk 0:31:39]} 28. Rxc5 {[%clk 0:30:09]} Rxc5 {[%clk 0:31:52]} 29. Bg2
{[%clk 0:29:08]} Qg4 {[%clk 0:28:47]} 30. Qd8+ {[%clk 0:23:54]} Kg7
{[%clk 0:29:10]} 31. Qxe7 {[%clk 0:23:58]} Qf4+ {[%clk 0:26:19]} 32. Kb1
{[%clk 0:24:00]} Qd2 {[%clk 0:23:14]} 33. Rb3 {[%clk 0:17:33]} Qe1+
{[%clk 0:23:37]} 0-1

[Event "MSR_ch20"]
[Site "?"]
[Date "2024.04.05"]
[Round "1.7"]
[White "Stevik, Patrik"]
[Black "Filo, David"]
[Result "1-0"]
[BlackElo "1837"]
[WhiteElo "2213"]
[LiveChessVersion "1.4.8"]

1. d4 {[%clk 1:30:54]} d5 {[%clk 1:30:35]} 2. c4 {[%clk 1:31:16]} e6
{[%clk 1:30:04]} 3. Nc3 {[%clk 1:31:45]} Nf6 {[%clk 1:30:28]} 4. cxd5
{[%clk 1:32:10]} exd5 {[%clk 1:30:55]} 5. Bg5 {[%clk 1:32:39]} c6
{[%clk 1:30:36]} 6. e3 {[%clk 1:32:41]} Be7 {[%clk 1:29:18]} 7. Bd3
{[%clk 1:33:00]} O-O {[%clk 1:29:03]} 8. Qc2 {[%clk 1:33:14]} Nbd7
{[%clk 1:28:25]} 9. Nge2 {[%clk 1:33:27]} Re8 {[%clk 1:26:01]} 10. O-O
{[%clk 1:33:48]} Nf8 {[%clk 1:24:13]} 11. f3 {[%clk 1:27:33]} g6 {[%clk 1:03:55]}
12. Rae1 {[%clk 1:23:19]} Ne6 {[%clk 1:02:04]} 13. Bh4 {[%clk 1:23:02]} Ng7
{[%clk 0:51:32]} 14. Bf2 {[%clk 1:15:41]} Be6 {[%clk 0:43:47]} 15. h3
{[%clk 1:13:21]} Rc8 {[%clk 0:39:17]} 16. e4 {[%clk 1:12:12]} c5 {[%clk 0:28:20]}
17. exd5 {[%clk 0:54:32]} Nxd5 {[%clk 0:27:51]} 18. Nxd5 {[%clk 0:54:49]} Bxd5
{[%clk 0:27:45]} 19. dxc5 {[%clk 0:54:33]} Be6 {[%clk 0:19:16]} 20. b4
{[%clk 0:49:48]} Bf5 {[%clk 0:15:45]} 21. Rd1 {[%clk 0:48:00]} Bxd3
{[%clk 0:15:17]} 22. Rxd3 {[%clk 0:47:50]} Qc7 {[%clk 0:15:34]} 23. Rfd1
{[%clk 0:43:28]} Rcd8 {[%clk 0:08:49]} 24. Ng3 {[%clk 0:38:50]} Rxd3
{[%clk 0:06:38]} 25. Rxd3 {[%clk 0:38:20]} Rd8 {[%clk 0:04:08]} 26. Ne4
{[%clk 0:37:53]} b6 {[%clk 0:02:26]} 27. Bg3 {[%clk 0:30:38]} Qc8
{[%clk 0:01:47]} 28. Rxd8+ {[%clk 0:30:34]} Qxd8 {[%clk 0:01:56]} 29. c6
{[%clk 0:30:33]} Ne6 {[%clk 0:01:31]} 30. b5 {[%clk 0:29:36]} Nc7
{[%clk 0:00:51]} 31. Qa4 {[%clk 0:27:40]} f5 {[%clk 0:00:39]} 32. Nc3
{[%clk 0:25:23]} Bc5+ {[%clk 0:00:48]} 33. Kh2 {[%clk 0:25:45]} Bd6
{[%clk 0:01:04]} 34. f4 {[%clk 0:23:22]} Qb8 {[%clk 0:00:50]} 35. Qc4+
{[%clk 0:23:24]} Kg7 {[%clk 0:01:00]} 36. Qd4+ {[%clk 0:23:47]} 1-0

[Event "MSR_ch20"]
[Site "?"]
[Date "2024.04.05"]
[Round "1.9"]
[White "Skreko, Igor"]
[Black "Oslej, Marek"]
[Result "1-0"]
[BlackElo "1806"]
[WhiteElo "2165"]
[LiveChessVersion "1.4.8"]

1. d4 {[%clk 1:30:54]} Nf6 {[%clk 1:30:58]} 2. c4 {[%clk 1:31:16]} e6
{[%clk 1:31:18]} 3. Nc3 {[%clk 1:31:44]} Bb4 {[%clk 1:31:32]} 4. Qc2
{[%clk 1:32:10]} O-O {[%clk 1:31:22]} 5. a3 {[%clk 1:32:37]} Bxc3+
{[%clk 1:31:46]} 6. Qxc3 {[%clk 1:33:04]} h6 {[%clk 1:30:57]} 7. e3
{[%clk 1:29:47]} d5 {[%clk 1:28:01]} 8. Nf3 {[%clk 1:28:37]} c5 {[%clk 1:24:04]}
9. dxc5 {[%clk 1:28:22]} Qc7 {[%clk 1:23:16]} 10. b4 {[%clk 1:27:12]} a5
{[%clk 1:21:11]} 11. Bb2 {[%clk 1:26:26]} Nc6 {[%clk 1:16:10]} 12. cxd5
{[%clk 1:24:10]} exd5 {[%clk 1:16:38]} 13. b5 {[%clk 1:21:06]} Nd8
{[%clk 1:13:36]} 14. Bd3 {[%clk 1:17:47]} Bd7 {[%clk 1:08:42]} 15. Rc1
{[%clk 1:09:59]} Ne6 {[%clk 1:05:39]} 16. Nd4 {[%clk 1:04:00]} Rfc8
{[%clk 1:03:21]} 17. Nxe6 {[%clk 1:01:57]} fxe6 {[%clk 0:59:48]} 18. O-O
{[%clk 1:01:52]} Be8 {[%clk 0:57:35]} 19. a4 {[%clk 0:55:54]} Ng4
{[%clk 0:50:28]} 20. g3 {[%clk 0:55:38]} Qe7 {[%clk 0:47:13]} 21. Bb1
{[%clk 0:52:48]} Kf8 {[%clk 0:41:14]} 22. c6 {[%clk 0:45:18]} Qf7
{[%clk 0:32:00]} 23. Bh7 {[%clk 0:44:04]} Bxc6 {[%clk 0:27:59]} 24. bxc6
{[%clk 0:41:57]} Rxc6 {[%clk 0:27:28]} 25. Qa3+ {[%clk 0:39:34]} Ke8
{[%clk 0:27:24]} 26. Rxc6 {[%clk 0:39:23]} bxc6 {[%clk 0:27:52]} 27. Qd3
{[%clk 0:38:43]} Kd7 {[%clk 0:26:03]} 28. Bg6 {[%clk 0:38:20]} Qe7
{[%clk 0:25:15]} 29. h3 {[%clk 0:37:41]} Nf6 {[%clk 0:25:36]} 30. Ba3
{[%clk 0:37:55]} Qd8 {[%clk 0:25:34]} 31. Qd4 {[%clk 0:36:22]} Kc8
{[%clk 0:22:55]} 32. Rc1 {[%clk 0:34:26]} Qd7 {[%clk 0:23:15]} 33. Qb6
{[%clk 0:34:27]} 1-0

[Event "MSR_ch20"]
[Site "?"]
[Date "2024.04.05"]
[Round "1.10"]
[White "Loffay, Pavol"]
[Black "Beres, Tomas"]
[Result "0-1"]
[BlackElo "2149"]
[WhiteElo "1803"]
[LiveChessVersion "1.4.8"]

1. d3 {[%clk 1:30:57]} d5 {[%clk 1:30:17]} 2. Nf3 {[%clk 1:31:17]} Nf6
{[%clk 1:30:26]} 3. g3 {[%clk 1:31:24]} Bf5 {[%clk 1:30:27]} 4. Bg2
{[%clk 1:31:17]} e6 {[%clk 1:30:27]} 5. Bg5 {[%clk 1:30:39]} Be7 {[%clk 1:28:34]}
6. O-O {[%clk 1:29:04]} h6 {[%clk 1:21:55]} 7. Bxf6 {[%clk 1:24:04]} Bxf6
{[%clk 1:22:04]} 8. c3 {[%clk 1:23:18]} O-O {[%clk 1:21:19]} 9. Nbd2
{[%clk 1:22:26]} c5 {[%clk 1:10:59]} 10. Re1 {[%clk 1:13:58]} Nc6
{[%clk 1:08:43]} 11. e4 {[%clk 1:07:48]} Bh7 {[%clk 1:07:46]} 12. Qe2
{[%clk 1:05:45]} Qd7 {[%clk 1:03:13]} 13. Rad1 {[%clk 1:02:04]} Rfd8
{[%clk 0:59:17]} 14. Nb3 {[%clk 0:56:50]} b6 {[%clk 0:56:32]} 15. Nfd2
{[%clk 0:46:57]} a5 {[%clk 0:48:43]} 16. a3 {[%clk 0:44:13]} a4 {[%clk 0:47:59]}
17. Nc1 {[%clk 0:44:05]} b5 {[%clk 0:47:45]} 18. f4 {[%clk 0:35:15]} b4
{[%clk 0:43:25]} 19. e5 {[%clk 0:31:01]} Be7 {[%clk 0:42:55]} 20. Nf3
{[%clk 0:28:05]} Rab8 {[%clk 0:37:57]} 21. c4 {[%clk 0:25:42]} dxc4
{[%clk 0:24:37]} 22. dxc4 {[%clk 0:22:25]} Nd4 {[%clk 0:24:48]} 23. Nxd4
{[%clk 0:19:18]} cxd4 {[%clk 0:25:12]} 24. Be4 {[%clk 0:18:51]} Bxe4
{[%clk 0:22:59]} 25. Qxe4 {[%clk 0:19:06]} bxa3 {[%clk 0:22:57]} 26. bxa3
{[%clk 0:19:27]} Bxa3 {[%clk 0:22:24]} 27. Qd3 {[%clk 0:17:03]} Bxc1
{[%clk 0:17:20]} 28. Rxc1 {[%clk 0:16:29]} Rb3 {[%clk 0:17:36]} 29. Qe4
{[%clk 0:15:22]} Qc7 {[%clk 0:12:35]} 30. c5 {[%clk 0:13:31]} a3 {[%clk 0:06:42]}
31. f5 {[%clk 0:11:36]} exf5 {[%clk 0:06:16]} 32. Qxf5 {[%clk 0:11:29]} d3
{[%clk 0:05:41]} 33. Red1 {[%clk 0:08:38]} Qc6 {[%clk 0:03:00]} 34. Qf4
{[%clk 0:07:00]} Rb2 {[%clk 0:01:45]} 35. Rd2 {[%clk 0:05:45]} Rdb8
{[%clk 0:01:52]} 36. Rf2 {[%clk 0:02:31]} Rxf2 {[%clk 0:01:45]} 37. Kxf2
{[%clk 0:02:15]} Rb2+ {[%clk 0:02:00]} 38. Ke3 {[%clk 0:01:48]} d2
{[%clk 0:01:29]} 39. Rd1 {[%clk 0:01:38]} Qxc5+ {[%clk 0:01:52]} 40. Ke2
{[%clk 0:01:49]} Qb5+ {[%clk 0:01:38]} 41. Kf2 {[%clk 0:01:47]} a2
{[%clk 0:01:38]} 42. e6 {[%clk 0:01:23]} fxe6 {[%clk 0:01:50]} 43. Qe3
{[%clk 0:01:26]} Qb6 {[%clk 0:01:15]} 0-1

[Event "MSR_ch20"]
[Site "?"]
[Date "2024.04.05"]
[Round "1.11"]
[White "Zetocha, Adrian"]
[Black "Svorad, Tomas"]
[Result "1-0"]
[BlackElo "1746"]
[WhiteElo "2134"]
[LiveChessVersion "1.4.8"]

1. d4 {[%clk 1:30:55]} d5 {[%clk 1:30:19]} 2. c4 {[%clk 1:31:01]} e6
{[%clk 1:30:16]} 3. Nc3 {[%clk 1:31:08]} Nf6 {[%clk 1:30:28]} 4. cxd5
{[%clk 1:30:56]} exd5 {[%clk 1:28:40]} 5. Bg5 {[%clk 1:31:09]} c6
{[%clk 1:26:57]} 6. Qc2 {[%clk 1:20:17]} Nbd7 {[%clk 1:21:45]} 7. e3
{[%clk 1:20:19]} Bd6 {[%clk 1:17:05]} 8. Bd3 {[%clk 1:19:56]} h6 {[%clk 1:17:07]}
9. Bh4 {[%clk 1:19:25]} Qc7 {[%clk 1:08:33]} 10. Nf3 {[%clk 1:12:07]} g5
{[%clk 0:57:57]} 11. Bg3 {[%clk 1:12:12]} Bxg3 {[%clk 0:56:05]} 12. hxg3
{[%clk 1:12:22]} g4 {[%clk 0:51:59]} 13. Nh4 {[%clk 1:09:50]} Nf8
{[%clk 0:49:59]} 14. O-O {[%clk 1:02:19]} Be6 {[%clk 0:46:03]} 15. b4
{[%clk 0:54:19]} a5 {[%clk 0:39:25]} 16. b5 {[%clk 0:52:49]} cxb5
{[%clk 0:37:16]} 17. Bxb5+ {[%clk 0:43:53]} N8d7 {[%clk 0:31:36]} 18. Rac1
{[%clk 0:37:23]} Rc8 {[%clk 0:26:14]} 19. Qb1 {[%clk 0:23:44]} Qb8
{[%clk 0:20:11]} 20. Nf5 {[%clk 0:19:22]} h5 {[%clk 0:14:46]} 21. Nxd5
{[%clk 0:18:31]} Kf8 {[%clk 0:11:46]} 22. Rxc8+ {[%clk 0:16:02]} Qxc8
{[%clk 0:12:14]} 23. Rc1 {[%clk 0:16:22]} Qd8 {[%clk 0:08:52]} 24. Nf4
{[%clk 0:16:12]} Nb6 {[%clk 0:08:22]} 25. Nxe6+ {[%clk 0:15:21]} fxe6
{[%clk 0:08:45]} 26. Nh4 {[%clk 0:15:45]} Rh7 {[%clk 0:07:59]} 27. Ng6+
{[%clk 0:15:46]} Kg7 {[%clk 0:05:15]} 28. Nf4 {[%clk 0:15:57]} Kf7
{[%clk 0:05:01]} 29. Qg6+ {[%clk 0:14:55]} Ke7 {[%clk 0:05:24]} 30. Rc5
{[%clk 0:14:31]} Nbd5 {[%clk 0:05:12]} 31. Bc4 {[%clk 0:14:00]} b6
{[%clk 0:04:01]} 32. Rc6 {[%clk 0:14:15]} Nxf4 {[%clk 0:03:34]} 33. gxf4
{[%clk 0:14:36]} Kd7 {[%clk 0:02:09]} 34. Rxe6 {[%clk 0:14:40]} Qc7
{[%clk 0:02:14]} 35. Rxf6 {[%clk 0:14:45]} Re7 {[%clk 0:02:03]} 36. Qf5+
{[%clk 0:14:31]} Kd8 {[%clk 0:02:12]} 37. Bb5 {[%clk 0:14:12]} Qc1+
{[%clk 0:01:32]} 38. Kh2 {[%clk 0:14:36]} g3+ {[%clk 0:01:54]} 39. fxg3
{[%clk 0:14:59]} Rxe3 {[%clk 0:01:09]} 40. Qd7# {[%clk 0:15:20]} 1-0

[Event "MSR_ch20"]
[Site "?"]
[Date "2024.04.05"]
[Round "1.12"]
[White "Zatko, Slavomir"]
[Black "Sevcik, Matej"]
[Result "0-1"]
[BlackElo "2087"]
[WhiteElo "1684"]
[LiveChessVersion "1.4.8"]

1. d4 {[%clk 1:30:58]} d5 {[%clk 1:30:49]} 2. e4 {[%clk 1:31:22]} dxe4
{[%clk 1:30:45]} 3. Nc3 {[%clk 1:31:48]} Nf6 {[%clk 1:31:01]} 4. f3
{[%clk 1:32:12]} Bf5 {[%clk 1:31:05]} 5. Bf4 {[%clk 1:32:06]} e6 {[%clk 1:30:58]}
6. fxe4 {[%clk 1:31:40]} Nxe4 {[%clk 1:30:42]} 7. Bd3 {[%clk 1:30:50]} Bb4
{[%clk 1:20:24]} 8. Nge2 {[%clk 1:29:46]} O-O {[%clk 1:18:37]} 9. O-O
{[%clk 1:26:50]} Bxc3 {[%clk 1:11:10]} 10. bxc3 {[%clk 1:24:58]} Nxc3
{[%clk 1:10:40]} 11. Qd2 {[%clk 1:23:03]} Bxd3 {[%clk 1:08:14]} 12. Qxd3
{[%clk 1:22:00]} Nxe2+ {[%clk 1:08:13]} 13. Qxe2 {[%clk 1:22:26]} Nc6
{[%clk 1:04:10]} 14. Rad1 {[%clk 1:19:32]} Qd7 {[%clk 1:03:08]} 15. Qg4
{[%clk 1:17:15]} Ne7 {[%clk 0:58:55]} 16. Rf3 {[%clk 1:14:57]} Nd5
{[%clk 0:56:43]} 17. Bh6 {[%clk 1:06:19]} f5 {[%clk 0:54:34]} 18. Qg5
{[%clk 1:05:52]} Kh8 {[%clk 0:53:09]} 19. Rh3 {[%clk 1:05:14]} gxh6
{[%clk 0:53:06]} 20. Rxh6 {[%clk 1:05:29]} Rg8 {[%clk 0:52:30]} 21. Qh4
{[%clk 1:04:32]} Rg4 {[%clk 0:50:16]} 22. Qe1 {[%clk 1:03:40]} Nf4
{[%clk 0:45:23]} 23. Qe5+ {[%clk 1:02:49]} Qg7 {[%clk 0:45:33]} 24. g3
{[%clk 1:02:08]} Qxe5 {[%clk 0:45:20]} 25. dxe5 {[%clk 1:02:30]} Rg6
{[%clk 0:45:17]} 26. Rh4 {[%clk 1:02:23]} Ne2+ {[%clk 0:44:35]} 27. Kf2
{[%clk 1:02:20]} Nc3 {[%clk 0:44:54]} 28. Rd7 {[%clk 1:02:36]} Ne4+
{[%clk 0:45:12]} 29. Ke3 {[%clk 1:02:17]} Rg7 {[%clk 0:45:35]} 30. Rd4
{[%clk 1:01:59]} Nc3 {[%clk 0:40:13]} 31. Kd2 {[%clk 1:01:40]} Nd5
{[%clk 0:37:26]} 0-1